| 000 | 00334nam a2200121 4500 | ||
|---|---|---|---|
| 999 |
_c10738 _d10738 |
||
| 003 | OSt | ||
| 005 | 20220701112825.0 | ||
| 008 | 220701b ||||| |||| 00| 0 eng d | ||
| 100 | _dCHrles george ramsey harold reeve sleeper | ||
| 245 | _aArchitectural graphic standards 3rd edn | ||
| 260 |
_aLondon _bJohn Wiley and sons |
||
| 942 | _2ddc | ||